Certifikácia a skúšobníctvo produktov a produkcie dizertačná práca

Salvato in:
Dettagli Bibliografici
Autore principale: Košútová, Tatiana, 1962-
Ente Autore: Ekonomická univerzita v Bratislave. Obchodná fakulta
Altri autori: Kollár, Vojtech
Natura: Libro
Lingua:slovacco
Pubblicazione: Bratislava 2005
Soggetti:
Tags: Aggiungi Tag
Nessun Tag, puoi essere il primo ad aggiungerne!!

MARC

LEADER 00000nam$a2200000$$$4500
001 0100025
005 20230224100833.7
041 0 |a slo 
044 |a SK 
245 1 0 |a Certifikácia a skúšobníctvo produktov a produkcie  |b dizertačná práca  |c Tatiana Košútová ; škol. Vojtech Kollár 
264 1 |a Bratislava  |c 2005 
300 |a 167 s. 
610 2 0 |a certifikácia 
610 2 0 |a certifikáty 
610 2 0 |a skúšobníctvo štátne 
100 1 |a Košútová, Tatiana, 1962- 
700 1 |a Kollár, Vojtech 
710 2 |a Ekonomická univerzita v Bratislave. Obchodná fakulta